| 000 | 02065cam a22004814i 4500 | ||
|---|---|---|---|
| 003 | PE-LiUPU | ||
| 005 | 20250731173416.0 | ||
| 008 | 150706s2009 xxu r 000 0 spa d | ||
| 020 | _a9780758617897 | ||
| 035 | _a(Sirsi) i9780758617897 | ||
| 040 |
_aPE-LiUPU _bspa _cPE-LiUPU _erda |
||
| 049 | _aPRUA | ||
| 082 | 0 | 4 |
_a227.4 _bL98 _221 |
| 100 | 1 |
_aLutero, Martín, _d1483-1546, _eautor. _91490 |
|
| 245 | 1 | 0 |
_aMartín Lutero segundo comentario sobre los Gálatas : _b1535 / _cMartín Lutero; David y Rut Haeuser, Héctor E. Hoppe. |
| 264 | 1 |
_aEE.UU. : _bConcordia, _c2009. |
|
| 300 |
_a230 páginas ; _c23 centímetros |
||
| 336 |
_atext _2rdacontent |
||
| 337 |
_aunmediated _2rdamedia |
||
| 338 |
_avolume _2rdacarrier |
||
| 505 | 0 | _aLos hombres no deben especular sobre la naturaleza de Dios, Cristo es Dios por naturaleza -- Refutación a las objeciones a la doctrina de la fe -- El propósito debe de la ley -- La doctrina de las buenas obras -- Idolatría -- Hechicería -- Sectas -- Borrachera, glotonería -- Amor -- Alegría -- Paz -- Paciencia -- Amabilidad -- Bondad -- Fidelidad -- Humildad -- Dominio propio. | |
| 526 | _aSEG42 | ||
| 526 | _aSEG41 | ||
| 526 | _aSEG40 | ||
| 526 | _aSEG39 | ||
| 526 | _aP94 | ||
| 526 | _aP87 | ||
| 526 | _aP86 | ||
| 526 | _aP85 | ||
| 526 | _aP77 | ||
| 526 | _aP76 | ||
| 526 | _aP35 | ||
| 541 | _g001-0000567; | ||
| 630 |
_aBiblia. _pN.T. _PG álatas _xComentarios. |
||
| 700 | 1 |
_aHaeuser, David y Rut, _etr. |
|
| 700 | 1 |
_aHoppe, Héctor E. Rev., _eed. |
|
| 910 |
_agl _bjv _clch _d20120524 |
||
| 942 |
_2ddc _cBOOK |
||
| 949 |
_a227.4 L98 _wDEWEY _c1 _i64685 _lCCODEBUL1 _mBUL _p18.00 _r0 _sY _tBOOK _u2015-7-6 _xTEOLOGIA _PP35 _o.STAFF. Colección General |
||
| 994 |
_aC0 _bPEPRU |
||
| 596 | _a1 | ||
| 999 |
_a227.4 L98 _wDEWEY _c53391 _i64685 _d53391 _e2017-9-7 _f2021-11-9 _g5 _lCCODEBUL1 _mBUL _n8 _p18.00 _q4 _r0 _sY _tBOOK _u2015-7-6 _xTEOLOGIA _PP35 _0COMPRA _o.STAFF. Colección Teología |
||
| 980 |
_81 _gALBERTO SANCHEZ Responsable de Automatización |
||